书目信息 |
| 题名: |
地理数据数字水印建模与原理
|
|
| 作者: | 任娜 , 朱长青 , 陈玮彤 著 | |
| 分册: | ||
| 出版信息: | 北京 机械工业出版社 2022.02 |
|
| 页数: | 265页 | |
| 开本: | 26cm | |
| 丛书名: | ||
| 单 册: | ||
| 中图分类: | P208 | |
| 科图分类: | ||
| 主题词: | 地理信息系统--di li xin xi xi tong--数据处理--研究 | |
| 电子资源: | ||
| ISBN: | 978-7-111-69664-3 | |
| 000 | 01056nam0 2200265 450 | |
| 001 | 011025150539 | |
| 005 | 20221025150539.0 | |
| 010 | @a978-7-111-69664-3@dCNY98.00 | |
| 100 | @a20201004d2022 em y0chiy50 ea | |
| 101 | 0 | @achi |
| 102 | @aCN@b110000 | |
| 105 | @aa z 000yy | |
| 106 | @ar | |
| 200 | 1 | @a地理数据数字水印建模与原理@Adi li shu ju shu zi shui yin jian mo yu yuan li@f任娜, 朱长青, 陈玮彤著 |
| 210 | @a北京@c机械工业出版社@d2022.02 | |
| 215 | @a265页@c图@d26cm | |
| 330 | @a本书针对地理数据安全保护新需求,对新的地理数据数字水印模型与原理进行了深入研究,从需求背景、基本原理、建模思想、算法应用等方面展开阐述和探讨,为地理数据数字水印技术的发展和完善提供了可靠的理论与应用基础。 | |
| 510 | 1 | @aModeling and principle of geographic data digital watermarking@zeng |
| 606 | 0 | @a地理信息系统@Adi li xin xi xi tong@x数据处理@x研究 |
| 690 | @aP208@v5 | |
| 701 | 0 | @a任娜@Aren na@4著 |
| 701 | 0 | @a朱长青@Azhu chang qing@4著 |
| 701 | 0 | @a陈玮彤@Achen wei tong@4著 |
| 801 | 0 | @aCN@c20221025 |
| 905 | @a河南城建学院图书馆@dP208@eR510 | |
| 地理数据数字水印建模与原理/任娜, 朱长青, 陈玮彤著.-北京:机械工业出版社,2022.02 |
| 265页:图;26cm |
| ISBN 978-7-111-69664-3:CNY98.00 |
| 本书针对地理数据安全保护新需求,对新的地理数据数字水印模型与原理进行了深入研究,从需求背景、基本原理、建模思想、算法应用等方面展开阐述和探讨,为地理数据数字水印技术的发展和完善提供了可靠的理论与应用基础。 |
| ● |
| 相关链接 |
|
|
|
正题名:地理数据数字水印建模与原理
索取号:P208/R510
 
预约/预借
| 序号 | 登录号 | 条形码 | 馆藏地/架位号 | 状态 | 备注 |
| 1 | 1584490 | 215844905 | 自科库401/401自科库 116排1列3层/ [索取号:P208/R510] | 在馆 | |
| 2 | 1584491 | 215844914 | 自科库401/401自科库 116排1列3层/ [索取号:P208/R510] | 在馆 |